000 00672nam a2200181 4500
999 _c16323
_d16323
008 211122b ||||| |||| 00| 0 eng d
022 _a0732-8435
082 _aDPer 657.05 C33 Apr - Sept 2016, v86 n4-9
100 _aPippin, Sonia E.
_943720
245 _aBenefit corporations and B corporations:
_bnew opportunities for accountants/
_cSonia E. Pippin and Jessica L. Weber.
260 _aNew York:
_bThe New York State Society of CPA,
_c©2016.
300 _av86 n8, pages 54-57:
_billustrations;
_c28 cm.
500 _aThe CPA Journal
650 _aAccountants.
_942729
650 _aCorporations.
_916466
700 _aWeber, J. L.
_eAuthor.
_943721
942 _2ddc
_cPER